| 000 | 00000nam##2200000za#4500 |
| 001 | 9.577887 |
| 003 | CaOODSP |
| 005 | 20250319161918 |
| 007 | cr ||||||||||| |
| 008 | 150406|1982||||xxc|||||o f|0| 0 eng|d |
| 022 | |a1488-5387 |
| 040 | |aCaOODSP|beng |
| 043 | |an-cn--- |
| 086 | 1 |aFs97-4/1674E-PDF |
| 110 | 1 |aCanada. |bDepartment of Fisheries and Oceans. |
| 245 | 10|aStudies of chinook salmon (Oncorhynchus tshawytscha) in the Chilcotin River Watershed, 1975-1980 / |h[electronic resource]|cby P.W. Delaney, A.L. Kahl, W.R. Olmsted and B.C. Pearce. |
| 260 | |aNew Westminster - British Columbia : |bFisheries and Oceans Canada |cSeptember 1982. |
| 300 | |a180p.|bfigs., graphs, maps, references, tables, photographs |
| 490 | 1 |aCanadian manuscript report of fisheries and aquatic sciences|x1488-5387|vNo. 1674 |
| 500 | |aThe catalogue number (?) and ISSN (0706-6473) for the print edition have been incorrectly copied in this electronic publication The catalogue number (Fs97-4/1674) and ISSN (0706-6473) for the print edition have been incorrectly copied in this electronic publication. |
| 546 | |a(Résumés en français) |
| 590 | |a13-25-Supp|b2013-10-28 |
| 690 | 07|aFisheries management|2gcpds |
| 690 | 07|aSalt water fish|2gcpds |
| 690 | 07|aWatersheds|2gcpds |
| 720 | 1 |aDelaney, P. W. |
| 830 | #0|aCanadian manuscript report of fisheries and aquatic sciences,|x1488-5387|vNo. 1674|w(CaOODSP)9.505211 |
| 856 | 40|ahttp://publications.gc.ca|qPDF|s37.54 MB|uhttps://publications.gc.ca/collections/collection_2013/mpo-dfo/Fs97-4-1674-eng.pdf|yNo. 1674 |